| 000 | 00706nac a22002171u 4500 | ||
|---|---|---|---|
| 090 | _c2649 | ||
| 008 | 081019t xxu||||| |||| 00| 0 eng d | ||
| 010 | _a 2002070086 | ||
| 020 | _a013033832X (alk. paper) | ||
| 082 | 0 | 0 |
_a547 _bW1191 |
| 245 | 1 | 0 |
_aOrganic chemistry / _cL.G. Wade, Jr. |
| 250 | _a5th ed. | ||
| 260 |
_aUpper Saddle River, N.J. : _bPrentice Hall,2003 _c2003. |
||
| 300 |
_a1 v. (various pagings) : _bill. (some col.) ; _c28 cm. |
||
| 504 | _aIncludes bibliographical references and index. | ||
| 650 | 0 | _aChemistry, Organic. | |
| 942 |
_cBB _k547W1191 _2ddc _hRDA-MOD |
||
| 999 |
_c2649 _d2649 |
||
| 336 |
_2rdacontent _atext _btxt |
||
| 337 |
_aunmediated _2rdamedia _bn |
||
| 338 |
_avolume _bnc _2rdacarrier |
||